[Event "NRW Class1 1819"]
[Site "Germany"]
[Date "2019.03.17"]
[Round "7.3"]
[White "Ringwelski, Marius"]
[Black "Jansen, Dirk Norbert"]
[Result "0-1"]
[WhiteElo "1934"]
[BlackElo "2175"]
[PlyCount "74"]
[EventDate "2018.09.16"]
[EventType "team-tourn"]
[EventRounds "9"]
[EventCountry "GER"]
[SourceTitle "EXT 2022"]
[Source "ChessBase"]
[SourceDate "2021.10.06"]
[SourceVersion "1"]
[SourceVersionDate "2021.10.06"]
[SourceQuality "1"]
[WhiteTeam "Nienberge"]
[BlackTeam "Weidenau/Geisweid"]
[WhiteTeamCountry "GER"]
[BlackTeamCountry "GER"]

1. d4 f5 2. Bg5 g6 3. Nd2 Bg7 4. e4 fxe4 5. Nxe4 d5 6. Ng3 Nh6 7. Nf3 Nf7 8. Bf4 c5 9. Bb5+ Bd7 10. Bxd7+ Qxd7 11. c3 Nc6 12. 0-0 cxd4 13. cxd4 0-0 14. Re1 Rae8 15. Qd2 e5 16. dxe5 Nfxe5 17. Nxe5 Nxe5 18. Bxe5 Bxe5 19. Rad1 d4 20. Ne4 Qd5 21. f3 Rd8 22. b3 d3 23. Nf2 Bd4 24. Kh1 Bxf2 25. Qxf2 Rf7 26. Rd2 b6 27. Qe3 Rc7 28. Red1 Rc3 29. h3 Qd6 30. Qe4 a5 31. f4 Qd5 32. Qe3 b5 33. Re1 Rc2 34. Kh2 a4 35. bxa4 Qxa2 36. Rxc2 dxc2 37. Re2 c1Q 0-1

[Event "Muensterland Regionalliga 1718"]
[Site "Germany"]
[Date "2018.02.24"]
[Round "6.2"]
[White "Ringwelski, Marius"]
[Black "Pollok, Ralf"]
[Result "0-1"]
[WhiteElo "1943"]
[BlackElo "1987"]
[PlyCount "70"]
[EventDate "2017.09.02"]
[EventType "team-tourn"]
[EventRounds "9"]
[EventCountry "GER"]
[SourceTitle "EXT 2019"]
[Source "ChessBase"]
[SourceDate "2018.10.10"]
[SourceVersion "1"]
[SourceVersionDate "2018.10.10"]
[SourceQuality "1"]
[WhiteTeam "Nienberge"]
[BlackTeam "Raesfeld Erle"]
[WhiteTeamCountry "GER"]
[BlackTeamCountry "GER"]

1. c4 Nc6 2. Nc3 e5 3. Nf3 Nf6 4. g3 Bb4 5. Bg2 0-0 6. 0-0 Re8 7. d3 h6 8. Ne1 Bf8 9. Nc2 d6 10. b4 Nd4 11. b5 Nxc2 12. Qxc2 Rb8 13. a4 b6 14. a5 Bb7 15. axb6 axb6 16. Bxb7 Rxb7 17. e4 Qd7 18. f3 c6 19. bxc6 Qxc6 20. Be3 b5 21. cxb5 Rxb5 22. Rfc1 Rc8 23. Nxb5 Qxc2 24. Rxc2 Rxc2 25. Ra8 d5 26. d4 dxe4 27. fxe4 Ng4 28. dxe5 Nxe3 29. h3 Rc5 30. Kf2 Rxb5 31. Kxe3 Rxe5 32. g4 f6 33. h4 h5 34. Rd8 Kf7 35. Ra8 Bd6 0-1

[Event "Muensterland Regionalliga 1617"]
[Site "Germany"]
[Date "2016.09.17"]
[Round "1.2"]
[White "Luetkehermoelle, Martin"]
[Black "Ringwelski, Marius"]
[Result "0-1"]
[WhiteElo "1973"]
[BlackElo "1998"]
[PlyCount "30"]
[EventDate "2016.09.17"]
[EventType "team"]
[EventRounds "9"]
[EventCountry "GER"]
[SourceTitle "EXT 2018"]
[Source "ChessBase"]
[SourceDate "2017.10.13"]
[SourceVersion "1"]
[SourceVersionDate "2017.10.13"]
[SourceQuality "1"]
[WhiteTeam "Gronau"]
[BlackTeam "Nienberge"]
[WhiteTeamCountry "GER"]
[BlackTeamCountry "GER"]

1. e4 c5 2. Nf3 Nc6 3. d4 cxd4 4. Nxd4 g6 5. Nc3 Bg7 6. Be3 Nf6 7. Be2 0-0 8. Qd2 d5 9. exd5 Nb4 10. Bh6 Bxh6 11. Qxh6 e5 12. 0-0-0 exd4 13. Rxd4 Qe7 14. d6 Nxa2+ 15. Kd2 Qe5 0-1

[Event "Herne op 5th"]
[Site "Herne"]
[Date "2016.05.25"]
[Round "1"]
[White "Harnack, Bernhard"]
[Black "Ringwelski, Marius"]
[Result "0-1"]
[WhiteElo "1608"]
[BlackElo "2086"]
[PlyCount "74"]
[EventDate "2016.05.25"]
[EventType "swiss"]
[EventRounds "7"]
[EventCountry "GER"]
[SourceTitle "CBM 172 Extra"]
[Source "ChessBase"]
[SourceDate "2016.06.21"]
[SourceVersion "1"]
[SourceVersionDate "2016.06.21"]
[SourceQuality "1"]

1. e4 c5 2. Nf3 Nc6 3. Bb5 Nf6 4. Bxc6 dxc6 5. Nc3 Bg4 6. h3 Bh5 7. d3 Nd7 8. g4 Bg6 9. Qe2 e5 10. h4 h5 11. g5 Qc7 12. Be3 Be7 13. 0-0-0 0-0-0 14. Rdf1 Nf8 15. Nd2 Ne6 16. f3 f6 17. gxf6 gxf6 18. Qh2 Bf7 19. Ne2 Qa5 20. a3 b5 21. Nb3 Qa4 22. Nc3 Qa6 23. f4 c4 24. dxc4 bxc4 25. Qe2 exf4 26. Bxf4 Bxa3 27. Nb1 Be7 28. Be3 Nc7 29. N3d2 Be6 30. Bf4 Rd7 31. Bxc7 Kxc7 32. e5 f5 33. Rh3 Rb8 34. c3 Qa1 35. Nf3 f4 36. Rh2 Bf5 37. Nfd2 Qxb2+ 0-1

[Event "Muensterland Regionalliga 1415"]
[Site "Germany"]
[Date "2015.03.14"]
[Round "7.3"]
[White "Engels, Natia"]
[Black "Ringwelski, Marius"]
[Result "1-0"]
[WhiteElo "2011"]
[BlackElo "1996"]
[PlyCount "79"]
[EventDate "2014.09.20"]
[EventType "team-tourn"]
[EventRounds "9"]
[EventCountry "GER"]
[SourceTitle "EXT 2016"]
[Source "ChessBase"]
[SourceDate "2015.10.08"]
[SourceVersion "1"]
[SourceVersionDate "2015.10.08"]
[SourceQuality "1"]
[WhiteTeam "Steinfurt"]
[BlackTeam "Nienberge"]
[WhiteTeamCountry "GER"]
[BlackTeamCountry "GER"]

1. d4 Nf6 2. c4 e6 3. Nc3 Bb4 4. Qc2 b6 5. a3 Bxc3+ 6. Qxc3 Ne4 7. Qc2 Bb7 8. Nf3 0-0 9. e3 d6 10. Bd3 f5 11. b4 a5 12. b5 Nd7 13. Bb2 Qe7 14. 0-0 Rae8 15. Nd2 Qh4 16. f3 Nef6 17. Rae1 g6 18. e4 f4 19. e5 dxe5 20. c5 bxc5 21. dxc5 Bc8 22. c6 Nb6 23. Bxe5 Nfd5 24. Nc4 Nxc4 25. Qxc4 Qg5 26. Qe4 Rf7 27. Rf2 Rd8 28. Bc2 Qe7 29. Bb2 Qc5 30. Qe5 Kf8 31. a4 Qc4 32. Rd1 Re8 33. Rfd2 Nf6 34. Bc3 Nd5 35. Bxa5 Kg8 36. Rxd5 Qxc2 37. Rd8 Rff8 38. R8d2 Qf5 39. Bxc7 Qxe5 40. Bxe5 1-0

[Event "Muensterland Regionalliga 1314"]
[Site "Germany"]
[Date "2014.04.05"]
[Round "8.2"]
[White "Ringwelski, Marius"]
[Black "Liesmann, Karsten"]
[Result "1/2-1/2"]
[WhiteElo "2032"]
[BlackElo "1992"]
[PlyCount "63"]
[EventDate "2013.09.07"]
[EventType "team-tourn"]
[EventRounds "9"]
[EventCountry "GER"]
[SourceTitle "EXT 2015"]
[Source "ChessBase"]
[SourceDate "2014.11.20"]
[SourceVersion "1"]
[SourceVersionDate "2014.11.20"]
[SourceQuality "1"]
[WhiteTeam "Sendenhorst"]
[BlackTeam "Bocholt"]
[WhiteTeamCountry "GER"]
[BlackTeamCountry "GER"]

1. d4 e6 2. c4 f5 3. Nf3 Nf6 4. Nc3 d5 5. e3 c6 6. Be2 Bd6 7. Ne5 0-0 8. 0-0 Nbd7 9. f4 Ne4 10. Nxe4 fxe4 11. Bd2 Nxe5 12. fxe5 Rxf1+ 13. Qxf1 Be7 14. g3 Bg5 15. b4 Bd7 16. a4 Qe7 17. c5 Rf8 18. Qh3 Qf7 19. Rf1 Qe8 20. Rxf8+ Qxf8 21. b5 Qf7 22. Qf1 Qxf1+ 23. Kxf1 Kf7 24. Kf2 Bd8 25. bxc6 Bxc6 26. a5 a6 27. h4 Ke7 28. g4 Kf7 29. Kg3 g5 30. h5 h6 31. Bd1 Ke8 32. Kf2 1/2-1/2

[Event "Muensterland Regionalliga 1314"]
[Site "Germany"]
[Date "2014.03.15"]
[Round "7.2"]
[White "Storck, Martin"]
[Black "Ringwelski, Marius"]
[Result "1/2-1/2"]
[WhiteElo "2019"]
[BlackElo "2032"]
[PlyCount "87"]
[EventDate "2013.09.07"]
[EventType "team-tourn"]
[EventRounds "9"]
[EventCountry "GER"]
[SourceTitle "EXT 2015"]
[Source "ChessBase"]
[SourceDate "2014.11.20"]
[SourceVersion "1"]
[SourceVersionDate "2014.11.20"]
[SourceQuality "1"]
[WhiteTeam "Gronau"]
[BlackTeam "Sendenhorst"]
[WhiteTeamCountry "GER"]
[BlackTeamCountry "GER"]

1. c4 e5 2. Nc3 Nf6 3. Nf3 Nc6 4. e4 Bb4 5. d3 d6 6. Bd2 Bg4 7. Be2 0-0 8. a3 Bc5 9. b4 Bb6 10. Rb1 Nd7 11. 0-0 a5 12. Nd5 axb4 13. axb4 Bxf3 14. Bxf3 Nd4 15. Be3 Ra3 16. Bg4 c6 17. Nxb6 Nxb6 18. Bxd4 exd4 19. Rb3 Rxb3 20. Qxb3 Qg5 21. Bh3 Ra8 22. f4 Qh5 23. Qb2 c5 24. bxc5 Qxc5 25. Rb1 Ra6 26. Qb5 Kf8 27. g4 Ke7 28. Qxc5 dxc5 29. Rb5 Na4 30. Rxb7+ Kf8 31. Bf1 Nc3 32. g5 Ra2 33. f5 f6 34. gxf6 gxf6 35. Rxh7 Nd1 36. Rh3 Ne3 37. Rf3 Kg7 38. h3 Kh6 39. Rg3 Ra1 40. Rf3 Kg5 41. Rf2 Rd1 42. e5 Nxf5 43. exf6 Kxf6 44. Kh2 1/2-1/2

[Event "NRW-ch"]
[Site "Wesel"]
[Date "2013.10.23"]
[Round "5"]
[White "Heinert, Eugen"]
[Black "Ringwelski, Marius"]
[Result "1-0"]
[WhiteElo "2174"]
[BlackElo "2090"]
[PlyCount "81"]
[EventDate "2013.10.19"]
[EventType "swiss"]
[EventRounds "7"]
[EventCountry "GER"]
[SourceTitle "EXT 2016"]
[Source "ChessBase"]
[SourceDate "2015.10.08"]
[SourceVersion "1"]
[SourceVersionDate "2015.10.08"]
[SourceQuality "1"]

1. d4 Nf6 2. Bg5 d5 3. Nc3 e6 4. e4 dxe4 5. Bxf6 gxf6 6. Nxe4 Be7 7. Nf3 Nd7 8. Bd3 a6 9. Qe2 b5 10. Ng3 f5 11. d5 Nc5 12. 0-0-0 Nxd3+ 13. Rxd3 Qd6 14. Re1 0-0 15. Nxf5 Qf4+ 16. Ne3 exd5 17. Kb1 Bd6 18. Nxd5 Qh6 19. Ne7+ Kh8 20. Nxc8 Raxc8 21. Nd4 Qg6 22. Qf3 Rfe8 23. Rde3 Rxe3 24. Rxe3 c5 25. Nf5 Bf8 26. Qd5 Qg5 27. Qe5+ f6 28. Qe6 Rd8 29. a3 Rd1+ 30. Ka2 Qg8 31. Qxg8+ Kxg8 32. Re6 Kf7 33. Re2 a5 34. a4 bxa4 35. Ne3 Rd4 36. c3 Re4 37. Rd2 Bh6 38. Nf5 Bf4 39. g3 Kg6 40. Nh4+ Kg5 41. Rd5+ 1-0

[Event "Muensterland Regionalliga 1314"]
[Site "Germany"]
[Date "2013.10.05"]
[Round "2.2"]
[White "Ringwelski, Marius"]
[Black "Paalman, Henk Jan"]
[Result "1-0"]
[WhiteElo "2032"]
[BlackElo "2104"]
[PlyCount "49"]
[EventDate "2013.09.07"]
[EventType "team-tourn"]
[EventRounds "9"]
[EventCountry "GER"]
[SourceTitle "EXT 2015"]
[Source "ChessBase"]
[SourceDate "2014.11.20"]
[SourceVersion "1"]
[SourceVersionDate "2014.11.20"]
[SourceQuality "1"]
[WhiteTeam "Sendenhorst"]
[BlackTeam "Emsdetten Rochade"]
[WhiteTeamCountry "GER"]
[BlackTeamCountry "GER"]

1. Nf3 Nf6 2. g3 d5 3. d4 c5 4. c4 cxd4 5. cxd5 Nxd5 6. Nxd4 e5 7. Nb5 Qa5+ 8. N1c3 Nxc3 9. Nxc3 Bd7 10. Bg2 Bc6 11. 0-0 Bxg2 12. Kxg2 Nc6 13. e4 h5 14. Bg5 Be7 15. Bxe7 Nxe7 16. Qb3 Rb8 17. Rad1 h4 18. h3 Rh6 19. Nd5 Nc6 20. a3 Nd4 21. Qe3 Rc8 22. Qg5 Kf8 23. Qe7+ Kg8 24. Qxe5 Nc6 25. Ne7+ 1-0

[Event "Muensterland Verbandsliga 1213"]
[Site "Germany"]
[Date "2012.12.22"]
[Round "4.3"]
[White "Ringwelski, Marius"]
[Black "Stegemann, Norbert"]
[Result "1-0"]
[WhiteElo "2003"]
[BlackElo "1977"]
[PlyCount "65"]
[EventDate "2012.09.22"]
[EventType "team-tourn"]
[EventRounds "9"]
[EventCountry "GER"]
[SourceTitle "EXT 2015"]
[Source "ChessBase"]
[SourceDate "2014.11.20"]
[SourceVersion "1"]
[SourceVersionDate "2014.11.20"]
[SourceQuality "1"]
[WhiteTeam "Sendenhorst"]
[BlackTeam "Duelmen"]
[WhiteTeamCountry "GER"]
[BlackTeamCountry "GER"]

1. d4 Nf6 2. c4 e6 3. Nc3 Bb4 4. e3 0-0 5. Bd3 d5 6. Nf3 c5 7. 0-0 Nbd7 8. cxd5 exd5 9. a3 Bxc3 10. bxc3 Ne4 11. c4 Ndf6 12. Qc2 b6 13. Ne5 Bb7 14. f3 dxc4 15. Bxe4 Nxe4 16. fxe4 cxd4 17. Qxc4 Rc8 18. Qxd4 Qxd4 19. exd4 Bxe4 20. Ra2 f6 21. Nf3 Rc3 22. Rd2 Bd5 23. Bb2 Rb3 24. Kf2 a5 25. Re1 Rc8 26. Re7 b5 27. Rd7 Be4 28. d5 Bc2 29. Bd4 Rxa3 30. d6 Bf5 31. Re7 Kf8 32. Bb6 b4 33. Nd4 1-0

[Event "Muensterland-ch"]
[Site "Telgte"]
[Date "2012.04.02"]
[Round "1.1"]
[White "Beutelhoff, Josef"]
[Black "Ringwelski, Marius"]
[Result "1-0"]
[WhiteElo "2140"]
[BlackElo "2112"]
[PlyCount "59"]
[EventDate "2012.04.02"]
[EventType "tourn"]
[EventRounds "7"]
[EventCountry "GER"]
[SourceTitle "EXT 2016"]
[Source "ChessBase"]
[SourceDate "2015.10.08"]
[SourceVersion "1"]
[SourceVersionDate "2015.10.08"]
[SourceQuality "1"]

1. d4 Nf6 2. c4 e6 3. Nc3 Bb4 4. Qc2 Nc6 5. Nf3 0-0 6. a3 Bxc3+ 7. Qxc3 Ne4 8. Qc2 f5 9. e3 d6 10. b4 g5 11. Bd3 g4 12. Nd2 d5 13. 0-0 Qh4 14. f4 Rf6 15. Bxe4 fxe4 16. g3 Qh3 17. Rf2 h5 18. b5 Ne7 19. cxd5 exd5 20. Qxc7 Rf7 21. Nf1 Be6 22. Qd6 Bf5 23. Bd2 Rc8 24. Rc1 Rc4 25. Qd8+ Kg7 26. Rxc4 dxc4 27. Bc3 Ng6 28. d5+ Kh7 29. d6 h4 30. Rd2 1-0

[Event "NRW Class2 1112"]
[Site "Germany"]
[Date "2012.02.05"]
[Round "6.3"]
[White "Ringwelski, Marius"]
[Black "Chilla, Jan Eric"]
[Result "0-1"]
[WhiteElo "2031"]
[BlackElo "2136"]
[PlyCount "54"]
[EventDate "2011.09.18"]
[EventType "team-tourn"]
[EventRounds "9"]
[EventCountry "GER"]
[SourceTitle "EXT 2015"]
[Source "ChessBase"]
[SourceDate "2014.11.20"]
[SourceVersion "1"]
[SourceVersionDate "2014.11.20"]
[SourceQuality "1"]
[WhiteTeam "Sendenhorst"]
[BlackTeam "Muenster SK II"]
[WhiteTeamCountry "GER"]
[BlackTeamCountry "GER"]

1. e4 c5 2. Nf3 d6 3. d4 cxd4 4. Nxd4 Nf6 5. Nc3 a6 6. Bg5 Nbd7 7. Qd2 e6 8. Bc4 Nc5 9. f3 Qc7 10. Bb3 Be7 11. 0-0-0 b5 12. Kb1 Bd7 13. Rhe1 0-0 14. a3 Rfb8 15. Bh4 a5 16. e5 dxe5 17. Bg3 b4 18. Na2 Bd6 19. Nxe6 Bxe6 20. Bxe6 bxa3 21. Qxd6 Rxb2+ 22. Ka1 Qxd6 23. Rxd6 Rxc2 24. Bxe5 Nxe6 25. g4 Rac8 26. Rd3 Nc5 27. Rxa3 a4 0-1

[Event "NRW Class2 1112"]
[Site "Germany"]
[Date "2011.09.18"]
[Round "1.3"]
[White "Schmittdiel, Eckhard"]
[Black "Ringwelski, Marius"]
[Result "1-0"]
[WhiteElo "2418"]
[BlackElo "2031"]
[PlyCount "77"]
[EventDate "2011.09.18"]
[EventType "team-tourn"]
[EventRounds "9"]
[EventCountry "GER"]
[SourceTitle "EXT 2015"]
[Source "ChessBase"]
[SourceDate "2014.11.20"]
[SourceVersion "1"]
[SourceVersionDate "2014.11.20"]
[SourceQuality "1"]
[WhiteTeam "Dortmund Hansa II"]
[BlackTeam "Sendenhorst"]
[WhiteTeamCountry "GER"]
[BlackTeamCountry "GER"]

1. e4 c5 2. Nf3 d6 3. g3 Nf6 4. d3 Nc6 5. Bg2 e6 6. 0-0 Be7 7. Nbd2 0-0 8. c3 d5 9. e5 Nd7 10. Re1 Qc7 11. Qe2 b5 12. Nf1 b4 13. c4 dxc4 14. dxc4 Bb7 15. Bf4 Rfd8 16. h4 Nd4 17. Nxd4 cxd4 18. Bxb7 Qxb7 19. Nd2 a5 20. Bg5 Nc5 21. Bxe7 Qxe7 22. Rad1 d3 23. Qf3 Na4 24. Rb1 Rac8 25. Re3 Qd7 26. Qh5 Rc7 27. Rf3 Nc3 28. Re1 Nxa2 29. Re4 Nc1 30. Rg4 Qe7 31. Kh2 a4 32. Ne4 Kh8 33. Nf6 h6 34. Rxg7 Kxg7 35. Qg4+ Kh8 36. Qe4 Qxf6 37. exf6 d2 38. Qf4 Kh7 39. Qxc7 1-0